Southville International School and Colleges
Your cart is empty.
  • Cart
  • Lists
    Public lists Eva Luna New books Lux_list list_1
    Your lists Log in to create your own lists
  • Log in to your account
  • Your cookies
  • Search history
Southville International School and Colleges
  • Advanced search
  • Recent comments
  • Most popular
  • Libraries

Log in to your account

Log in with GOOGLE


If you do not have an external account, but do have a local account, you can still log in:

  1. Home
  2. MARC view: Intellectual capital management :
Normal view MARC view ISBD view

Intellectual capital management : (Record no. 14733)

[ view plain ]
MARC details
000 -LEADER
fixed length control field 00554nam a2200181 a 4500
003 - CONTROL NUMBER IDENTIFIER
control field PILC
005 - DATE AND TIME OF LATEST TRANSACTION
control field 20150112093440.0
008 - FIXED-LENGTH DATA ELEMENTS--GENERAL INFORMATION
fixed length control field 100727s19uu xx 00 eng d
020 ## - INTERNATIONAL STANDARD BOOK NUMBER
International Standard Book Number 9719286409
050 ## - LIBRARY OF CONGRESS CALL NUMBER
Classification number HF 53
Item number .Y68 2004
082 ## - DEWEY DECIMAL CLASSIFICATION NUMBER
Classification number SFf 158.1
Item number Y8 2004
100 ## - MAIN ENTRY--PERSONAL NAME
Personal name Young, Felina
9 (RLIN) 18641
245 ## - TITLE STATEMENT
Title Intellectual capital management :
Remainder of title a competitive asset in the 3rd millennium /
260 ## - PUBLICATION, DISTRIBUTION, ETC. (IMPRINT)
Place of publication, distribution, etc Philippines :
Name of publisher, distributor, etc Bright Minds Publishing House,
Date of publication, distribution, etc 2004.
300 ## - PHYSICAL DESCRIPTION
Extent 142 pages :
Dimensions 18 cm.
650 ## - SUBJECT ADDED ENTRY--TOPICAL TERM
Topical term or geographic name as entry element Intellectual capital
9 (RLIN) 18642
942 ## - ADDED ENTRY ELEMENTS (KOHA)
Source of classification or shelving scheme Library of Congress Classification
Koha item type Books
Holdings
Withdrawn status Lost status Source of classification or shelving scheme Damaged status Home library Current library Shelving location Date acquired Total Checkouts Full call number Barcode Date last seen Copy number Price effective from Koha item type
    Library of Congress Classification   Southville International School Affiliated with Foreign Universities Library Southville International School Affiliated with Foreign Universities Library Southville Foreign University Section 09/12/2013   HF 53 .Y68 2004 SFU1369 05/15/2018 1 09/12/2013 Books
    Library of Congress Classification   Southville International School Affiliated with Foreign Universities Library Southville International School Affiliated with Foreign Universities Library Southville Foreign University Section 09/14/2013   HF 53 .Y68 2004 SFU1368 05/15/2018 2 09/14/2013 Books

Intellectual capital management :

APA

Young F., . (2004). Intellectual capital management. Philippines: Bright Minds Publishing House.

Chicago

Young Felina, . 2004. Intellectual capital management. Philippines: Bright Minds Publishing House.

Harvard

Young F., . (2004). Intellectual capital management. Philippines: Bright Minds Publishing House.

MLA

Young Felina, . Intellectual capital management. Philippines: Bright Minds Publishing House. 2004.

  • Place hold
  • Print
  • Cite
  • Add to your cart (remove)
  • Save record
    BIBTEX Dublin Core MARCXML MARC (non-Unicode/MARC-8) MARC (Unicode/UTF-8) MARC (Unicode/UTF-8, Standard) MODS (XML) RIS
  • More searches
    Search for this title in:
    Other Libraries (WorldCat) Other Databases (Google Scholar) Online Stores (Bookfinder.com) Open Library (openlibrary.org)

Exporting to Dublin Core...

SOUTHVILLE LIBRARY

Southville International School and Colleges Library

1281 Tropical Ave. Cor. Luxembourg St., BF Homes International, Las Pinas City

Tel. No. 8256374 / 252358 Loc. 117/146

Powered by Koha